00965nam a2200313Ia 4500003000400000005001700004008004100021020001800062050001500080050001800095100002200113245002100135245006900156245005900225260001700284260002800301260000900329300001700338300002000355300001100375500004100386650002000427650001800447650001600465650001500481942001200496999001900508952012400527SMC20160624105559.0160303s9999 xx 000 0 und d a971-929-818-9 aFIL BF 713 b.R43 2004 c.1 aRecio, Dolores M. aHuman behavior : bfrom the disciplines of anthropology, psychology and sociology / cDolores M. Recie, Merle F. Mejico, Cora A. An˃onuevo. aMandaluyong: bBooks atbp. Pub. Corp., c2004 a 361 pages : billustrations ; c25 cm. aIncludes bibliographical references. aHuman behavior. aHuman beings. aPsychology. aSociology. 2lcccBK c291248d291248 001040aSMCbSMCcFILd2005-03-07g385.00l0oFIL BF 713 .R43 2004 c.1pSMC00367r2016-03-03 00:00:00w2016-03-03yBK